000 00539nam a2200193Ia 4500
005 20250508155827.0
008 008 250505s9999 xx 000 0 eng d
037 _aDissertations
040 _aFEDL
_beng
_cFEDL
041 _aeng
_2eng
084 _a374.1, MAR/DI
_qFEDL
100 _aMarr Evelyn
_9767578
245 0 _aInvestigation into the reading interests of adolescents
260 _c1952
300 _a67p.
546 _aM.Ed. Dissertations, 1952
942 _cDIS
_h374.1, MAR/DI
999 _c1359484
_d1359484